| 000 | 01138nam a22002537a 4500 | ||
|---|---|---|---|
| 005 | 20240530110348.0 | ||
| 008 | 141214s2010 ua dof f b 000 0 ara d | ||
| 017 |
_a2010/1777 _bمصر . دار الكتب المصرية |
||
| 020 | _a9772583755 | ||
| 040 | _aEG-CaGPL | ||
| 041 | 0 | _aara | |
| 082 | 0 | 4 |
_221 _a668.65\ _bأ م |
| 100 | 0 | _aابو شبانة مصطفى عبدالرحمن | |
| 245 | 1 | 2 |
_aالمبيدات الخضراء و المكافحة الامنة للافات / _cابو شبانة مصطفى عبدالرحمن _nالجزء الاول _pاخطار المبيدات غير الخضراء _nالجزء الثانى _pمجالات المبيدات الخضراء |
| 250 | _aط1 | ||
| 260 |
_aالقاهرة : _bالدار العربية للنشر و التوزيع ، _c2010 |
||
| 300 |
_a2 جزء : _bايض ؛ _c24 سم |
||
| 504 | _aيشتمل على ارجاعات ببليوجرافية | ||
| 650 | 0 | 4 |
_aالخضروات _xافات |
| 650 | 0 | 4 |
_aالخضروات _xعقاقير |
| 650 | 0 | 4 |
_aالخضروات _xافات _xمكافحة امنة |
| 942 |
_2ddc _cBK |
||
| 999 |
_c60019 _d60019 |
||